UM Logo
Normal view MARC view
  • Flowers, Katherine S.

Entry Personal Name

Number of records used in: 1

001 - CONTROL NUMBER

  • control field: 59963

003 - CONTROL NUMBER IDENTIFIER

  • control field: OSt

005 - DATE AND TIME OF LATEST TRANSACTION

  • control field: 20240903120334.0

008 - FIXED-LENGTH DATA ELEMENTS

  • fixed length control field: 240903|| aca||aabn | a|a d

040 ## - CATALOGING SOURCE

  • Original cataloging agency: OSt
  • Transcribing agency: OSt

100 ## - HEADING--PERSONAL NAME

  • Personal name: Flowers, Katherine S.
  • Relator term: author.

670 ## - SOURCE DATA FOUND

  • Source citation: Work cat.: (OSt): Flowers, Katherine S. author., Writing studies' concessions to the English-only movement:, September 2019.